=LDR 00000nam 2200000 4500 =001 INLIS000000000035841 =005 20130612141652 =008 ***********************************Ind** =035 ##$$0010-061300000035841 =041 ##$$a Ind =082 ##$$a 342 =090 ##$$a 342, Suh a =100 ##$$a Soeshno =245 ##$$a Asas-asas Hukum tatapemerintahan, Soeshno =260 ##$$a 1984 $b Yokjakarta =300 ##$$a 229 hlm., 21 cm =650 ##$$a Hukum Tata Negara =850 ##$$a NBPNMAT